00346nam a2200133 450000500170000010000270001724500260004426400370007030000180010733600220012533700240014733800240017199900170019520260530113844.01 aDavid E. Carter93058010aThe Big Book of Logos 1bHearst Books Internationalc1999 a384 páginas atexto2rdacontent asin medio2rdamedia avolumen2rdacarrier c11237d11237